000 00599nam a2200217Ia 4500
003 OSt
005 20220107122755.0
008 130318s9999 xx 000 0 und d
020 _a9788131704721
040 _cIIITM-K
082 _a658.4038 WEB/I;5
100 _aWeber, Ron
_93855
245 _aInformation systems:
_bControl and audit
_cby Ron Weber
260 _bPearson,
_aNew Delhi,
_c1999.
300 _a1052p.
650 _aINFORMATION TECHNOLOGY
_93856
650 _aAUDIT MANAGEMENT
_93857
650 _aINFORMATION SYSTEMS
_93858
650 _aMANAGEMENT CONTROL
_93859
942 _2ddc
_cBK
999 _c4477
_d4477